| 000 | 00447nam a2200169Ia 4500 | ||
|---|---|---|---|
| 008 | 210210b1998 xxu||||| |||| 00| 0 eng d | ||
| 020 | _a81 85618 00 3 | ||
| 082 | _a515 BINM | ||
| 100 | _aBINMORE (K G). | ||
| 245 | _aMathematical analysis: a straightforward approch. Ed.2 | ||
| 250 | _a | ||
| 260 |
_aND _bFoundation Books _c1998 |
||
| 300 | _ax,361 | ||
| 650 | _aMathematical analysis | ||
| 690 | _aMathematical Analysis | ||
| 906 | _a053228 | ||
| 999 |
_c101427 _d101427 |
||